LIBRARY & INFORMATION CENTRE, KCAET, TAVANUR

ONLINE PUBLIC ACCESS CATALOGUE (OPAC)

Investigations on physico-mechanical properties of coconut palm for the design and development of a coconut palm climber / (Record no. 19471)

MARC details
000 -LEADER
fixed length control field 00465nam a2200145 4500
003 - CONTROL NUMBER IDENTIFIER
control field OSt
082 ## - DEWEY DECIMAL CLASSIFICATION NUMBER
Classification number 631.1
Item number AYS/IN
088 ## - REPORT NUMBER
Report number T 647
100 ## - MAIN ENTRY--AUTHOR NAME
Personal name Ayisha Mangat
245 ## - TITLE STATEMENT
Title Investigations on physico-mechanical properties of coconut palm for the design and development of a coconut palm climber /
260 ## - PUBLICATION, DISTRIBUTION, ETC. (IMPRINT)
Place of publication Tavanur :
Name of publisher Department of Farm Machinery & Power Engineering,
Year of publication 2025
300 ## - PHYSICAL DESCRIPTION
Number of Pages 149p.
700 ## - ADDED ENTRY--PERSONAL NAME
Personal name Sureshkumar, P. K. (Guide)
942 ## - ADDED ENTRY ELEMENTS (KOHA)
Koha item type Theses
Holdings
Collection code Home library Current library Full call number Accession Number Koha item type Public note
Reference KAUAET KAUAET 631.1 AYS/IN T 647 Theses PhD Thesis
free website counter